|
|
|
|
| LEADER |
01253nam a2200265 i 4500 |
| 001 |
c000060892 |
| 003 |
CARM |
| 005 |
00000000000000.0 |
| 008 |
730823s1971 at ac 00010 eng d |
| 019 |
1 |
|
|a 393331
|5 LACONCORD2021
|
| 020 |
|
|
|a 0959975101 :
|c $3.50 Aust.
|
| 035 |
|
|
|a (OCoLC)701928
|5 LACONCORD2021
|
| 042 |
|
|
|a anuc
|
| 043 |
|
|
|a u-at-vi
|
| 100 |
1 |
|
|a Tucker, Lyle.
|
| 245 |
1 |
0 |
|a Splendoured road from Dorset :
|b [a centenary history of Penleigh Presbyterian Ladies College] /
|c by Lyle Tucker.
|
| 260 |
|
|
|a [Moonee Ponds, Vic.] :
|b Penleigh Presbyterian Ladies College,
|c 1971.
|
| 300 |
|
|
|a 115p. :
|b ill., ports. ;
|c 23cm.
|
| 500 |
|
|
|a Girls' Presbyterian schools. Melbourne. Moonee Ponds. Penleigh Presbyterian Ladies College, to 1971 (ANB/PRECIS SIN 600111148)
|
| 500 |
|
|
|a Available from The Secretary, Penleigh Presbyterian Ladies College, 83 Park Street, Moonee Ponds, Vic. 3039.
|
| 610 |
2 |
0 |
|a Penleigh Presbyterian Ladies College, Moonee Ponds, Victoria
|x History.
|
| 852 |
8 |
|
|b CARM
|h A2:AH17A0
|i B03685
|p 0179121
|f BK
|
| 082 |
0 |
4 |
|a 377.8/52/94/5/1
|
| 999 |
f |
f |
|i c850bd94-b851-57e5-92bb-53ea7e9d962b
|s e76ecf43-084d-5db7-869e-f9fce0fd9647
|
| 952 |
f |
f |
|p Can circulate
|a CAVAL
|b CAVAL
|c CAVAL
|d CARM 1 Store
|e B03685
|f A2:AH17A0
|h Other scheme
|i book
|m 0179121
|